Improving Office Operations : A Primer For Professional / (Record no. 27237)

000 -LEADER
fixed length control field 00837nam a22002297a 4500
001 - CONTROL NUMBER
control field 0000002008
003 - CONTROL NUMBER IDENTIFIER
control field PPM
005 - DATE AND TIME OF LATEST TRANSACTION
control field 20260428122443.0
008 - FIXED-LENGTH DATA ELEMENTS--GENERAL INFORMATION
fixed length control field 260428b ||||| |||| 00| 0 eng d
020 ## - INTERNATIONAL STANDARD BOOK NUMBER
International Standard Book Number 0442213107
Terms of availability RM 145.76
Qualifying information Hardback
035 ## - SYSTEM CONTROL NUMBER
System control number 0000002008
040 ## - CATALOGING SOURCE
Language of cataloging Eng
Transcribing agency Pusat Penyelidikan Mineral, Jabatan Mineral Dan Geosains Malaysia
Modifying agency PPM
Description conventions RDA
082 00 - DEWEY DECIMAL CLASSIFICATION NUMBER
Edition number 20
Classification number 651.3
Item number BAL 1985
100 1# - MAIN ENTRY--PERSONAL NAME
Personal name Balderston, Jack
Relator term author
245 10 - TITLE STATEMENT
Title Improving Office Operations : A Primer For Professional /
Statement of responsibility, etc. by Jack Balderston
260 #1 - PUBLICATION, DISTRIBUTION, ETC.
Place of publication, distribution, etc. New York :
Name of publisher, distributor, etc. Van Nostrand Reinhold,
Date of publication, distribution, etc. 1985
300 00 - PHYSICAL DESCRIPTION
Extent xiv, 279 pages .:
Other physical details illustrations .;
Dimensions 223 cm
440 0# - SERIES STATEMENT/ADDED ENTRY--TITLE
Title Van Nostrand Reinhold series in managerial skills in engineering and science
504 ## - BIBLIOGRAPHY, ETC. NOTE
Bibliography, etc. note Includes indexs (p.: 267 - 279)
650 10 - SUBJECT ADDED ENTRY--TOPICAL TERM
Topical term or geographic name entry element Office management
942 ## - ADDED ENTRY ELEMENTS (KOHA)
Source of classification or shelving scheme
Koha item type Books
Holdings
Withdrawn status Lost status Source of classification or shelving scheme Damaged status Not for loan Collection code Permanent Location Current Location Shelving location Date acquired Cost, normal purchase price Total Checkouts Full call number Date last seen Price effective from Koha item type
Available         Open Shelf PPM PPM Open Shelf 28/04/2026 145.76   651.3 BAL 1985 28/04/2026 28/04/2026 Books